Concordato de la América con Roma /

Obra que describe los principales cismas por los que ha pasado la Iglesia católica y algunos acuerdos a los que se han llegado para evitar que sucediera lo mismo cuando América logra su independencia.

Na minha lista:
Detalhes bibliográficos
Autor principal: Pradt, M. de (autor)
Formato: Livro
Idioma:espanhol
Publicado em: París, Francia : Librería de Rosa y Bouret, 1827
Assuntos:
Tags: Adicionar Tag
Sem tags, seja o primeiro a adicionar uma tag!

MARC

LEADER 00000nam^a2200000^a^4500
001 000136650
005 20250526000000.0
009 20260310095326.318
037 |a Acervo ITESO - Biblioteca 
041 |a ESP 
082 |a 282. 80  |b PRA 
100 |a Pradt, M. de  |e (autor) 
240 1 1 |a [Concordato de la América con Roma] 
245 1 0 |a Concordato de la América con Roma /  |c M. de Pradt. 
264 1 |a París, Francia :  |b Librería de Rosa y Bouret,  |c 1827 
300 |a XX, 366 p. ;  |c 17.5 cm. 
336 |a texto  |b txt  |2 rdacontenido 
337 |a sin mediación  |b n  |2 rdamedio 
338 |a volumen  |b nc  |2 rdasoporte 
520 |a Obra que describe los principales cismas por los que ha pasado la Iglesia católica y algunos acuerdos a los que se han llegado para evitar que sucediera lo mismo cuando América logra su independencia. 
649 |a XX 
650 |a Iglesia Católica en América -  |x Historia -  |x Tema Principal 
650 |a Iglesia Católica -  |x Historia 
650 |a Relaciones Internacionales -  |z América-Vaticano (Ciudad) -  |x Historia -  |x Tema Principal 
650 |a Política y Religión 
650 |a Derecho Canónico 
650 |a Eclesiología 
650 |a Catolicismo -  |x Historia 
650 |a Cristianismo -  |x Historia 
650 |a Religión -  |x Historia 
910 |a Fondo Salvador Reynoso Reynoso 
920 |a Impresos - Libros 
930 |a Libros Antiguos y Raros 
905 |a 108 
901 |a 0800014819  |b IT2  |c LRA  |u 20250526 
902 |a https://opac.biblio.iteso.mx/vufind/Record/000136650